Trends of philosophical thought in Mahabahrat / (Record no. 104271)

MARC details
000 -LEADER
fixed length control field 00603nam a22001937a 4500
005 - DATE AND TIME OF LATEST TRANSACTION
control field 20161206101350.0
010 ## - LCCN (DPL NO)
LC control number ENG-116308
020 ## - INTERNATIONAL STANDARD BOOK NUMBER
International Standard Book Number 9788180902741
Terms of availability 600.00
035 ## - SYSTEM CONTROL NUMBER
System control number EN-99840
037 ## - SOURCE OF ACQUISITION
Source of stock number/acquisition DBAD/PUB
082 ## - DEWEY DECIMAL CLASSIFICATION NUMBER
Classification number 181.45
100 ## - MAIN ENTRY--PERSONAL NAME
Personal name Joshi,Sunanda Sharad
245 ## - TITLE STATEMENT
Title Trends of philosophical thought in Mahabahrat /
Statement of responsibility, etc by Sunanda Sharad Joshi
260 ## - PUBLICATION, DISTRIBUTION, ETC. (IMPRINT)
Place of publication, distribution, etc Delhi
Name of publisher, distributor, etc Bhartiya Kala Prakashan
Date of publication, distribution, etc 2011
270 ## - ADDRESS
Address 3421-A,IInd Floor Narang Colony,Tri Nagar
City Delhi
Postal code 110035
300 ## - PHYSICAL DESCRIPTION
Extent xiv,340p.
Dimensions 21cm(Hb)
500 ## - GENERAL NOTE
General note Includes index
942 ## - ADDED ENTRY ELEMENTS (KOHA)
Source of classification or shelving scheme Dewey Decimal Classification
Item type English Books
Classification part 181.45
Call number suffix JOS
Holdings
Withdrawn status Lost status Not for loan Collection code Home library Current library Date acquired Source of acquisition Cost, normal purchase price Full call number Barcode Copy number Cost, replacement price Koha item type
      Non-fiction Ashok Vihar Ashok Vihar 25/10/2016 DBAD/PUB 600.00 181.45 JOS EN-99840 1 600.00 English Books

© Delhi Public Library
Hit Counter
free hit counter